| 000 | 00712nam a2200181 i 4500 | ||
|---|---|---|---|
| 001 | 87699 | ||
| 003 | ES-MaACL | ||
| 005 | 20250819063045.0 | ||
| 007 | t| | ||
| 008 | 041223q1944 fr ||||1| fre d | ||
| 100 | 1 |
_aLabrousse, Ernest, _d1895-1988 _969298 |
|
| 245 | 1 | 3 |
_aLa crise de l'économie française à la fin de l'Ancien Régime et au début de la Révolution. _n1, _pAperçus généraux, sources, méthode, objectifs, la crise de la viticulture / _cC.-E. Labrousse. |
| 260 |
_aParis : _bPresses Universitaires de France, _c1944. |
||
| 300 |
_a1 v. (LXXV-664 p. : _bil.) ; _c25 cm. |
||
| 651 |
_aFrancia- _xSituación económica. _98717 |
||
| 852 |
_aES-MaACL _jP-968 |
||
| 999 |
_c87699 _d87699 |
||